| 000 | 00949nam a22002057a 4500 | ||
|---|---|---|---|
| 003 | OSt | ||
| 005 | 20241003132334.0 | ||
| 008 | 230912b ||||| |||| 00| 0 eng | ||
| 040 | _cSSBUL | ||
| 041 | _abur | ||
| 082 |
_223 _a၂၉၄.၃၄၄၃ _bဓမ် ၁၃၀၇၄ S-SAT |
||
| 100 | 1 |
_aဓမ္မဓဇ၊ အရှင် (ဦးနု)။ _930530 |
|
| 100 | 1 | _930530 | |
| 245 | 1 | 0 |
_aအမြတ်ဆုံးသုံးဆူ၊ ဒုတိယတွဲ / _cအရှင်ဓမ္မဓဇ (ဦးနု)၊ တည်းဖြတ်သူ မဟာစည်ဆရာတော်ဘုရားကြီး။ |
| 260 |
_aရန်ကုန်၊ _bရတနာသီရိ စာပုံနိပ်တိုက်၊ _c[၁၉၆၈]။ |
||
| 300 |
_aခ၊ ၄၇၄ စာမျက်နာ၊ _c၁၈ စင်တီ။ |
||
| 500 | _aS-SAT: prof. Sai Aung Tun | ||
| 650 |
_aတရားတေ် _934569 |
||
| 942 |
_cBK1 _2ddc |
||
| 999 |
_c40903 _d40903 |
||